7. Dame - Quevedo - Estadísticas

Estadísticas generales
  • Esta prueba ha sido intentada 18 veces
  • La puntuación promedio es 261 de 385
Estadísticas de respuestas
% Correcto
A
100%
a
100%
dame
100%
Dame
100%
Que
100%
que
100%
tu
100%
Tu
100%
100%
Y
100%
y
100%
en
92%
es
92%
Es
92%
me
92%
Me
92%
no
92%
pa
92%
preguntó
92%
Si
92%
te
92%
Un
92%
un
92%
Abuela
85%
bebé
85%
Bebé
85%
cómo
85%
como
85%
está
85%
estudiando
85%
mi
85%
motivo
85%
por
85%
queriendo
85%
sigo
85%
tus
85%
yendo
85%
cosa
77%
estoy
77%
para
77%
plane
77%
Porfa
77%
porfa
77%
sigues
77%
tenerte
77%
beso'
69%
cuenta
69%
dolorosa
69%
la
69%
mal
69%
mano'
69%
mis
69%
Nunca
69%
nunca
69%
olvidé
69%
otra
69%
pasando
69%
pelo
69%
Ya
69%
ya
69%
bien
62%
bobo
62%
darte
62%
este
62%
fue
62%
hacer
62%
historial
62%
llame
62%
marcha
62%
ni
62%
planes
62%
Quiero
62%
reclame
62%
tarde
62%
TBT
62%
Tenme
62%
ame
54%
apuntarlo
54%
así
54%
baby
54%
beber
54%
con
54%
el
54%
él
54%
fumar
54%
lo
54%
nos
54%
pida'
54%
salgo
54%
Se
54%
siento
54%
Sin
54%
tampoco
54%
yo
54%
Yo
54%
Aún
46%
Aunque
46%
aunque
46%
del
46%
estás
46%
extraño
46%
hacerlo
46%
hombre
46%
marchitó
46%
memoria
46%
normal
46%
pensando
46%
Pero
46%
pidas
46%
rosa
46%
sienta
46%
Solamente
46%
solito
46%
va
46%
ahora
38%
al
38%
DeLorean
38%
futuro
38%
golpe'
38%
moría
38%
nombre
38%
otro
38%
puedo
38%
sale
38%
Siempre
38%
siempre
38%
ti
38%
vamos
38%
vas
38%
veces
38%
adiós
31%
cielo
31%
dando
31%
eres
31%
fiel
31%
fui
31%
habitación
31%
leal
31%
llorar
31%
Noria
31%
olor
31%
olvidar
31%
Pienso
31%
puse
31%
puso
31%
quedó
31%
una
31%
Vine
31%
vuelta'
31%
aprendemos
23%
bailar
23%
Caíste
23%
Cristiano
23%
demonia
23%
Dime
23%
dónde
23%
esas
23%
llorándome
23%
Mundial
23%
parece
23%
perfume
23%
poses
23%
supe
23%
tengo
23%
toas
23%
Toas
23%
valorar
23%
clavao
15%
concentro
15%
noches
15%
Adderall
8%
Casi
8%
cuidé
8%
duermo
8%
tomé
8%
salíamo'a
0%
No se encontraron pruebas coincidentes
Distribución de puntuación
Porcentaje de gente con cada puntuación
Porcentaje por número respondido
Historial de tus puntuaciones
No has intentado esta prueba.